| 000 | 00572cam a22002291 4500 | ||
|---|---|---|---|
| 001 | sa 68002185 | ||
| 003 | DLC | ||
| 005 | 20260227112440.0 | ||
| 008 | 890403s1966 xx 000 0 hino | ||
| 010 | _asa 68002185 | ||
| 035 | _a(OCoLC)23564901 | ||
| 040 |
_aDLC _cMiU _dDLC |
||
| 042 | _apremarc | ||
| 050 | 0 | 0 |
_aDS485.B493 _bL3 |
| 100 | 1 |
_aLama, Chomong, _d1929- |
|
| 245 | 1 | 0 | _aComaṃ Lāmāra cokhe Uttarabaṅga. |
| 260 | _c[1966?] | ||
| 300 |
_a267 p. _bmap. _c23 cm. |
||
| 500 | _aRomanized. | ||
| 651 | 0 | _aWest Bengal (India) | |
| 740 | 0 | _aUttarabhaṅga. | |
| 999 |
_c78508 _d78508 |
||